Verbrechensdarstellung im deutschen Fernsehkrimi. Anmerkungen zur aktuellen Situation

Saved in:  
Bibliographic Details
Main Author: Brück, Ingrid (Author)
Format: Print Article
Language:German
Published: 1999
In: Verbrechen - Justiz - Medien
Year: 1999, Pages: 489-502
Check availability: HBZ Gateway
Keywords:

MARC

LEADER 00000caa a22000002c 4500
001 1525921959
003 DE-627
005 20220604104942.0
007 tu
008 160223s1999 xx ||||| 00| ||ger c
020 |a 9783484350700 
035 |a (DE-627)1525921959 
035 |a (DE-576)455921954 
035 |a (DE-599)BSZ455921954 
040 |a DE-627  |b ger  |c DE-627  |e rakwb 
041 |a ger 
100 1 |a Brück, Ingrid  |0 (DE-588)1053979371  |0 (DE-627)790887665  |0 (DE-576)178088447  |4 aut 
109 |a Brück, Ingrid 
245 1 0 |a Verbrechensdarstellung im deutschen Fernsehkrimi. Anmerkungen zur aktuellen Situation  |c Ingrid Brück 
264 1 |c 1999 
336 |a Text  |b txt  |2 rdacontent 
337 |a ohne Hilfsmittel zu benutzen  |b n  |2 rdamedia 
338 |a Band  |b nc  |2 rdacarrier 
773 0 8 |i In  |t Verbrechen - Justiz - Medien  |d Tübingen : Niemeyer, 1999  |g (1999), Seite 489-502  |h XIV, 539 S.  |w (DE-627)301368023  |w (DE-576)079980635  |z 3484350709  |z 9783484350700  |7 nnam 
773 1 8 |g year:1999  |g pages:489-502 
935 |a mkri 
951 |a AR 
ELC |b 1 
LOK |0 000 xxxxxcx a22 zn 4500 
LOK |0 001 2899400401 
LOK |0 003 DE-627 
LOK |0 004 1525921959 
LOK |0 005 20260209155330 
LOK |0 008 160208||||||||||||||||ger||||||| 
LOK |0 040   |a DE-21-110  |c DE-627  |d DE-21-110 
LOK |0 689   |a s  |a Kriminalfilm 
LOK |0 689   |a s  |a Fernsehkrimi 
LOK |0 852   |a DE-21-110 
LOK |0 852 1  |m p  |9 00 
LOK |0 935   |a k110 
LOK |0 938   |k p 
LOK |0 939   |a 08-02-16  |b l01 
ORI |a WA-MARC-krimdoka001.raw